Normal view
MARC view
Entry Topical Term
001 - CONTROL NUMBER
- control field: 15374
003 - CONTROL NUMBER IDENTIFIER
- control field: OSt
005 - DATE AND TIME OF LATEST TRANSACTION
- control field: 20220201095414.0
008 - FIXED-LENGTH DATA ELEMENTS
- fixed length control field: 220201|| aca||aabn | a|a d
040 ## - CATALOGING SOURCE
- Original cataloging agency: OSt
- Transcribing agency: OSt
150 ## - HEADING--TOPICAL TERM
- Topical term or geographic name entry element: Indian English Prose
670 ## - SOURCE DATA FOUND
- Source citation: Work cat.: (OSt): Khushwant Singh 15363, Need for a New Religion in India and Other Essays, 1991